Kruschev
Guardat en:
| Autors principals: | , |
|---|---|
| Format: | Llibre |
| Idioma: | espanyol |
| Publicat: |
Madrid
Nos
1958
|
| Matèries: | |
| Etiquetes: |
Afegir etiqueta
Sense etiquetes, Sigues el primer a etiquetar aquest registre!
|
MARC
| LEADER | 00000nam a2200000 a 4500 | ||
|---|---|---|---|
| 001 | UCP7996 | ||
| 003 | CL-VaPUC | ||
| 008 | 000106e19580000SP |||||||||||||||||spa|d | ||
| 082 | 0 | 4 | |a 923.2 |b ROS |2 21 |
| 100 | 0 | |a Rosemberg, David |e author |9 437774 | |
| 700 | 0 | |a Carlavilla, Mauricio |e author |9 437775 | |
| 245 | 1 | 0 | |a Kruschev |
| 300 | |a 731 p | ||
| 942 | |c BK | ||
| 945 | |d 20000106 00:00:00 |a rherrera | ||
| 260 | |a Madrid |b Nos |c 1958 | ||
| 600 | 0 | 7 | |a KRUCHEV, NIKITA |2 CL-VaPUC |9 437776 |
| 650 | 0 | |a Biografías |9 255210 | |
| 650 | 7 | |a REVOLUCIONARIOS |2 CL-VaPUC |9 328485 | |
| 650 | 0 | |a Vida y obra |9 311871 | |
| 650 | 7 | |a REVOLUCIONES POLITICAS |2 CL-VaPUC |9 437777 | |
| 651 | 0 | |a Rusia |9 256106 | |
| 583 | |a last modification |c 20000106 00:00:00 |k Rodrigo Vera | ||
| 999 | |c 285031 |d 285029 | ||
| 952 | |0 0 |1 0 |4 0 |6 923_200000000000000_ROS_1958 |7 0 |8 A |9 329382 |a BIBHIS |b BIBHIS |d 2019-11-20 |i 1377264 |o 923.2 ROS 1958 |p 1377264 |r 2025-01-20 |w 2019-11-20 |y BK |k HIS | ||